[Event "RA vs Gatineau"]
[Site "Ottawa"]
[Date "2010.07.04"]
[Round "?"]
[White "Groleau, Gilles"]
[Black "Upper, John"]
[Result "0-1"]
[WhiteElo "1992"]
[BlackElo "2188"]
[Annotator "John Upper"]
[PlyCount "54"]
[EventDate "2010.07.04"]
[EventType "team-match"]
[EventCountry "CAN"]
[SourceTitle "Chess Canada Tactiosauru"]
[Source "CFC/John Upper"]
[SourceDate "2023.03.11"]
[SourceVersion "1"]
[SourceVersionDate "2023.03.11"]
[SourceQuality "1"]
[WhiteTeam "Gatineau"]
[BlackTeam "RA"]

1. e4 e6 2. d4 d5 3. Nd2 Nf6 4. e5 Nfd7 5. Bd3 c5 6. c3 Nc6 7. Ne2 cxd4 8. cxd4
f6 9. exf6 Nxf6 10. O-O Bd6 11. Nf3 Qc7 12. Bg5 {[#] This maneuver --
Bc1-g5-h4-g3 -- aims to trade the DSBs, thereby eliminating the Bd6 which
attacks the kingside and defends e5. It makes perfect positional sense, but
Black's dynamic play had been well worked out when this game was played.} O-O
13. Bh4 Nh5 {[#]} 14. Bg3 $6 (14. Qc2 h6 (14... g6 $4 15. Bxg6 hxg6 16. Qxg6+
Ng7 17. Ng5 $18) 15. Bh7+ (15. Bg6 Rxf3 16. gxf3 Bxh2+ 17. Kh1 Nf4 $13 {
1/2-1/2 (39) Ulybin,M (2536)-Berg,E (2531) Santa Cruz de La Palma 2005}) 15...
Kh8 16. Bg6 Rxf3 $1 {with nearly 450 games in Megabase 2022.} 17. gxf3 (17.
Bxh5 Rf8 18. Bg3 $13) 17... Bxh2+ 18. Kg2 Nf4+ 19. Nxf4 Qxf4 20. Bg3 Bxg3 21.
fxg3 $14) 14... Nxg3 15. Nxg3 g6 16. Rc1 Qg7 17. Bb1 Bd7 {[#] Around this time
I was playing only the French against 1.e4, and had had positions like this
frequently in the 3...Nd2 lines. The ...Qc7-g7 maneuver was from a Korchnoi
game.} 18. a3 $2 (18. Rc3 $142 $15 {so that if} Rf4 19. Ne2 {defends d4 and
guards the Nf3 so that ...Rxf3 won't shatter White's kingside.}) 18... Rf4 $1
$19 {Tripling up on d4. I thought Black was clearly better here, but I
underestimated it: at 28 ply, SF15 rates the position as -2.} 19. Ne2 Rxf3 $8 {
A stock sacrifice in this line of the Tarrasch French. It smashes White's
kingside and removes the best defender of d4 and h2.} 20. gxf3 g5 $4 {I didn't
want to trade the DSB because without it I didn't see any shot at mate; but I
should have allowed the trade because Black gets a winning position even
without the mating attack:} (20... Qh6 $142 $1 21. f4 Bxf4 22. Nxf4 Qxf4 $19 {
Black is going to win d4 (making it two pawns for the exchange) and have a
mobile center, while White is left with a shattered kingside and no open files
for his Rs.  (0-1, 32) Hofer,E (2185)-Lyell,M (2313) Budapest, 2015.}) 21. Rc3
Kh8 22. Kh1 $1 $14 Qh6 $1 23. Ng3 $2 (23. f4 $142 $1 {Giving the pawn to block
Black's attacking lines.}) 23... Rf8 24. Rg1 $1 Rf4 25. Rd3 {[%mdl 32832]
Defends d4. [#] Critical Position Black has played a typical ...RxNf3 trade in
a Tarrasch French. Now what?} (25. Ne2 $2 Rxd4 $19 {threatening mate on h2 and
Q on d1.}) 25... e5 $3 {Very strong, but White has a defence. Q moves to g7 or
f6 are both decent ways to continue attacking d4, but both are weaker than the
game line, which wins d4 immediately due to a pretty tactic.} (25... Qg7 26.
Ne2 (26. Nh5 $2 Rh4 $3 $17) 26... Rh4 27. Rg2 $13) (25... Qf6 26. Ne2 (26. Qb3
$5) 26... Rxf3 27. Rg2 Rxf2 28. Rxf2 Qxf2 29. Rh3 $14) 26. dxe5 $2 (26. Nf1
$142 $6 {avoids the game line, but White doesn't have much hope after} exd4 $17
) (26. Rg2 $142 $8 Nxd4 27. Ba2 Bc6 {White's Rs look ridiculous, but he's
hanging tough. The computer says White is only slightly worse after} 28. Nf1 {
but I don't think even Steinitz would choose White here.}) 26... Qxh2+ $8 {
the tactical reason why ...e5 works.} 27. Kxh2 Rh4+ (27... Rh4+ 28. Kg2 Bh3+
29. Kh2 Bf1#) 0-1

[Event "CAN-op"]
[Site "Toronto"]
[Date "2010.07.14"]
[Round "6"]
[White "Hambleton, Aman"]
[Black "Friedel, Joshua"]
[Result "1-0"]
[WhiteElo "2315"]
[BlackElo "2586"]
[Annotator "John Upper"]
[PlyCount "41"]
[EventDate "2010.07.10"]
[EventType "swiss"]
[EventRounds "9"]
[EventCountry "CAN"]
[SourceTitle "Chess Canada Tactiosauru"]
[Source "CFC/John Upper"]
[SourceDate "2023.03.11"]
[SourceVersion "1"]
[SourceVersionDate "2023.03.11"]
[SourceQuality "1"]

{[%evp 0,41,33,28,24,13,13,13,33,-4,-2,-4,-2,-2,9,3,26,4,-14,-14,8,10,21,21,21,
-114,-3,-201,-201,-321,-322,-786,-599,-616,-394,-394,-394,-406,-496,-564,-602,
-602,29995,29996]} 1. d4 Nf6 2. c4 e6 3. Nc3 Bb4 4. Qc2 O-O 5. a3 Bxc3+ 6. Qxc3
d5 7. Bg5 h6 8. Bh4 c5 9. dxc5 g5 (9... d4 $1) 10. Bg3 Ne4 11. Qc2 Na6 {[#]}
12. O-O-O $4 (12. b4 $142 Naxc5 $8 13. Nf3 (13. bxc5 $4 Qa5+ 14. Kd1 Bd7 $19 {
threat ...Ba4 and then Black's Rs get into the attack while White's kingside
is asleep.}) 13... Nxg3 14. hxg3 Qf6 15. Rd1 Ne4 16. e3 g4 $13 {(1-0, 45)
Akobian,V (2619)-Friedel,J (2527) ICC INT, 2010.}) 12... Naxc5 $19 13. f3 ({
As in the note above,} 13. b4 {gets smashed after} Bd7 $3 14. bxc5 Nxc5 $19 ({
or} 14... Qa5 $19)) 13... Bd7 14. b3 dxc4 15. b4 Nb3+ 16. Kb1 Ned2+ 17. Ka2 Ba4
18. Be5 a5 19. h4 axb4 20. hxg5 {[%mdl 32768] [#] Critical Position  A wild
position where both sides are attacking ferociously.  Q: Does Black have
anything better than ...Qd5?} Qd5 $4 {A: almost everything was better than ...
Qd5. Before this, SF15 rated the position -60.} (20... Qxg5 $142 $1 $19 {
keeps out the Rh1.}) (20... f5 $142 $19 {keeps out the Q.} 21. Rxh6 Qd5 22.
Rg6+ Kf7 23. Rf6+ Ke7 $19) (20... Nc1+ $142 $1 {is the computer's top line} 21.
Qxc1 c3 (21... b3+ $4 {actually gives away the win} 22. Kb2 c3+ $8 23. Qxc3 $8
Nc4+ $8 24. Qxc4 Qxd1 25. Qd3 $8 Qc2+ $8 26. Qxc2 bxc2 27. Rxh6 f6 28. Rg6+ Kh7
29. Rh6+ $11) (21... Bb3+ {is simplest} 22. Ka1 Rxa3+ $19) 22. Bxc3 Qd5+ 23.
Ka1 bxc3 $19) 21. Qh7+ $3 {Only move to not only save the game, but force mate.
Aman discusses this, his first win over a GM, in his "My Best Move" video for
chess.com  https://www.youtube.com/watch?v=EMSChuAHhkQ} (21. Qh7+ Kxh7 22.
Rxh6+ Kg8 23. Rh8#) 1-0

[Event "Canadian Open"]
[Site "Toronto"]
[Date "2010.07.17"]
[Round "8"]
[White "Yoos, John"]
[Black "Barrios, Felix"]
[Result "1-0"]
[WhiteElo "2389"]
[BlackElo "2207"]
[Annotator "John Upper"]
[PlyCount "66"]
[EventDate "2010.??.??"]
[SourceTitle "Chess Canada Tactiosauru"]
[Source "CFC/John Upper"]
[SourceDate "2023.03.11"]
[SourceVersion "1"]
[SourceVersionDate "2023.03.11"]
[SourceQuality "1"]

{[%evp 0,66,19,38,40,41,90,62,58,36,26,27,84,48,65,50,49,43,142,25,67,38,42,15,
21,1,0,-10,11,-43,259,273,326,325,352,178,174,188,243,288,336,546,530,460,570,
452,470,484,465,497,443,487,503,331,343,346,390,292,537,551,562,529,567,726,
715,611,610,683,884]} 1. e4 c5 2. Nf3 d6 3. d4 cxd4 4. Nxd4 Nf6 5. Nc3 g6 6.
Be3 a6 7. f3 Nbd7 8. Qd2 b5 $6 {[#] The Dragadorf was still a relatively
unexplored sideline when this game was played. Even so, two of the earliest
books to mention it -- Simon William's "The New Dragon" (2005), and Andrew
Martin's "Starting Out: The Sicilian Dragon" (Everyman, 2006) -- said this was
bad: "WARNING: Black mustn't rush to follow up 7...a6 with ...b7-b5 until
White has castled queenside as otherwise a quick a4-counter is just too strong.
"  Since then, the Dragadorf has been dissected in many games and several
books and the current consensus confirms Martin's warning:  ...b5 is not good
before 000 because after 9... a4!, White's minors will get good squares on the
queenside and Black will have trouble finding places for his.} 9. O-O-O $5 {
White is a go-for-the-throat player, and heads back toward a classical
Yugoslav Attack...} (9. a4 $1 b4 10. Na2 a5 11. c3 bxc3 12. Nxc3 {"White has a
pleasant edge with good prospects on the queenside," - Negi "GM Repertoire 1.
e4 v2: vs Sicilian" (Quality Chess, 2015).}) (9. a4 $1 bxa4 (9... b4 10. Nd5
Nxd5 11. Nc6 Qc7 12. exd5 $16 {Shaw}) 10. Nxa4 Bg7 11. Be2 Bb7 (11... d5 12.
exd5 Nxd5 13. Nf5 $1 $16) 12. c4 O-O 13. O-O {"White has a pleasant position
with good chances to exert pressure against Black's weakened queenside. This
is why, as a general rule, Black should wait for White to castle on the
queenside before playing ...b5."  - John Shaw, Playing 1.e4 (Quality Chess,
2018).}) 9... h5 $1 {... which Black immediately blunts.} (9... Bg7 $6 10. g4
b4 {and White has a choice of N moves that keep a plus:} 11. Nce2 (11. Nd5 Nxd5
12. Nc6 Qc7 13. exd5 $14) (11. Na4 $146) 11... Ne5 12. Ng3 h5 13. g5 Nfd7 14.
f4 Ng4 15. Bg1 h4 16. Ngf5 $1 (16. Nge2 Bb7 (16... h3 $5) 17. Bg2 Nc5 18. h3 $1
Bxe4 19. Bxe4 Nxe4 20. Qe1 $18 {(1-0, 35) Ter Sahakyan,S (2480)-Zhou,Y (2259)
Mersin, 2008.}) 16... gxf5 17. Nxf5 $18 {threatening both Nxg7+ and Qg2,
winning the trapped Ng4.}) 10. Kb1 Bb7 {[#] Black couldn't ask for much more
in a Dragadorf: his minors are mostly out and White's kingside play has no
target, and how vulnerable could that Ke8 really be?} 11. h3 (11. h4 Rc8 12. a3
Bg7 13. Bg5 Qb6 $11 {(1-0, 35) Lobanov,S (2504)-Carlsson,P (2456) Moscow, 2019.
}) (11. Nb3 Rc8 12. Bd4 Qc7 (12... Bh6 $5) 13. Qf2 e5 14. Be3 b4 $36 {(0-1, 29)
Wei,Y (2244)-Wang,H (2715) China, 2010.}) 11... Rc8 12. Bd3 Bg7 13. g4 Nb6 $6 {
[%mdl 32832] ...Ne5, ...Nc5, and ...h4 are all about equal.  [#] Critical
Position What hapens after e4-e5?} 14. e5 $1 dxe5 $4 {Of Black's choices, this
is clearly worst.} (14... Nfd7 $2 {isn't as bad, but White has huge advantage
after} 15. e6 $1 $36 ({or} 15. exd6 $1)) (14... Nc4 $5 15. Bxc4 $8 dxe5 $8 {
White is up a piece, but has two hanging.} 16. Qe1 (16. Qe2 $2 {defends f3, but
} exd4 17. Bxd4 (17. Rxd4 $2 Qa5 $19 18. Bb3 hxg4 $19 {suddenly the open lines
all work for Black.}) 17... Qc7 18. Bb3 $14) (16. Ne6 $5 Qxd2 $8 17. Nxg7+ Kf8
18. Rxd2 Rxc4 19. g5 $14 {the Ng7 is trapped; White is down a pawn but better
developed.}) 16... Rxc4 17. Nf5 Qc8 18. Nxg7+ Kf8 19. Nxh5 gxh5 20. Rf1 $40) (
14... Nfd5 $1 15. Nxd5 Bxd5 $8 $13 (15... Nxd5 $4 16. e6 $8 $18) 16. e6 fxe6 (
16... Nc4 $14) 17. Bxg6+ Kd7 $8 $13 {Black's position looks weird, but he
threatens both ...Nc4 and ...Bxd4 then ...Bxf3.}) 15. Ne6 $8 $18 {Forking d8
and g7 and exposing an attack on the Nb6. Black is completely busted at move
15.} Nc4 (15... fxe6 16. Bxg6+ Kf8 17. Qxd8+ $18) (15... Qd7 16. Nxg7+ Kf8 {
traps the N, but Bxb6 or Nxh5 first are both +-.}) 16. Qf2 (16. Nxg7+ {also
wins, but requires more precision:} Kf8 17. Ne6+ $8 fxe6 18. Bh6+ $8 $18 {
and Qg5 or Bxc4 win.}) 16... Qa5 17. Bxc4 fxe6 18. Bb6 {[#]} Qb4 (18... Qxc3 $5
19. bxc3 bxc4 {is the computer's improvement, but it's still two pieces and
horrible pawns for a Q.}) 19. Bxe6 Rb8 (19... Rxc3 $2 {typical Dragon
counterplay?} 20. Rd8# {Nope.}) 20. g5 Nh7 21. Ne4 Nf8 22. a3 $1 {Cute: the Q
has no escape.} Qxe4 23. Bf7+ $1 {More than cute: gains a tempo to keep the
initiative.} Kxf7 24. fxe4+ Kg8 25. Rhf1 Bxe4 26. Rd8 Rxd8 27. Bxd8 Bf5 28. h4
Kf7 29. Qa7 Kg8 30. Bxe7 Ne6 31. Rxf5 gxf5 32. g6 Rh6 33. Qa8+ Bf8 1-0

[Event "Eastern Ontario Open"]
[Site "Ottawa"]
[Date "2012.06.01"]
[Round "1"]
[White "Tuxanidy Torres, Aleksandr"]
[Black "Upper, John"]
[Result "0-1"]
[WhiteElo "2200"]
[BlackElo "2335"]
[Annotator "John Upper"]
[PlyCount "58"]
[EventType "swiss"]
[EventCountry "CAN"]
[SourceTitle "Chess Canada Tactiosauru"]
[Source "CFC/John Upper"]
[SourceDate "2023.03.11"]
[SourceVersion "1"]
[SourceVersionDate "2023.03.11"]
[SourceQuality "1"]

{[%evp 0,58,19,38,43,18,28,33,-13,-5,-5,9,-8,9,24,23,0,17,19,18,13,18,26,18,38,
13,7,-10,25,14,16,11,19,3,7,12,53,53,93,86,54,55,104,87,75,-57,72,47,54,-234,
-234,-231,-241,-262,-262,-1922,-2506,-2614,-2068,-29989,-29990]} 1. e4 e6 2. d4
d5 3. Nd2 Nf6 4. e5 Nfd7 5. Bd3 c5 6. c3 Nc6 7. Ne2 cxd4 8. cxd4 f6 9. exf6
Nxf6 10. O-O Bd6 11. Nf3 Qc7 12. Bg5 O-O 13. Rc1 Ng4 14. h3 Rxf3 15. hxg4 Rf8
16. a3 Qb6 17. b4 e5 18. dxe5 Nxe5 19. Bb1 Bxg4 20. Qxd5+ Kh8 21. Nd4 Rae8 22.
Kh1 Bh5 $4 (22... Nf7 $142 23. f4 $8 $15) (22... Nd3 $1 $17 23. Bxd3 (23. Nb5
Nxc1 $19) 23... Re5 $8 24. Qc4 Rxg5 $19 {with a winning attack.}) (22... Ng6 $1
23. Rce1 Nf4 $1 $19) 23. Nf5 $1 Bb8 {[%mdl 41024] [#] Critical Position Be7 or
something else?} 24. Be7 $4 (24. f4 $8 Bf7 (24... Nf7 25. Be7) 25. Qd1 $1 $18
Ng6 (25... Qg6 26. Nh4 {wins the N}) 26. Qd7 {Black is running out of moves
and White can improve, e.g.} Qe6 27. Qd4 Rg8 28. Bh6 $18) (24. Nd4 $2 h6 25.
Be3 Bf7 26. Qe4 Bg6 27. Qh4 Bxb1 28. Rxb1 Qg6 $19 {aiming for ...Ng4 and a
winning attack on the dark squares.}) (24. Qd4 Qg6 25. Qh4 Nf3 26. gxf3 Bxf3+
27. Kg1 Rxf5 $36) 24... Rxe7 $8 $19 (24... Rf7 $13) (24... Rxf5 $2 25. Bxf5
Rxe7 (25... Qh6 26. Bh3 $16) 26. Rc8+ Re8 27. Rfc1 $8 $18) (24... Rg8 25. f4
$14 (25. Bd6 $14)) 25. Nxe7 Qh6 $8 {Black threatens a deadly discovered check.}
26. Nf5 (26. Kg1 Nf3+ $1 $19 {mates.}) 26... Rxf5 $8 {[#] The problem with 24.
Be7: White has no back rank mate after ...Be8 discovered check (followed by a
Black mating attack).} (26... Bf3+ $4 27. Nxh6 Bxd5 28. Nf5 $18) 27. f4 (27.
Qd8+ Be8+ $8 28. Kg1 Nf3+ 29. gxf3 Qh2#) (27. Bxf5 Bg4+ $1 28. Kg1 Nf3+ $8 29.
Qxf3 Qh2#) (27. Qd2 g5 $1 $19) 27... Be8+ $1 {best} (27... Ng4 {also wins.})
28. Kg1 Ng4 $1 29. Rfe1 Qh2+ {White is getting mated.} 0-1

[Event "Toronto Closed"]
[Site "Toronto"]
[Date "2013.04.22"]
[Round "2"]
[White "Tonakanian, Stephan"]
[Black "Song, Michael"]
[Result "0-1"]
[WhiteElo "2129"]
[BlackElo "2354"]
[Annotator "John Upper"]
[PlyCount "88"]
[EventDate "2013.??.??"]
[EventType "tourn"]
[EventCountry "CAN"]
[SourceTitle "Chess Canada Tactiosauru"]
[Source "CFC/John Upper"]
[SourceDate "2023.03.11"]
[SourceVersion "1"]
[SourceVersionDate "2023.03.11"]
[SourceQuality "1"]

1. d4 Nf6 2. Nf3 g6 3. g3 Bg7 4. Bg2 O-O 5. O-O d6 6. b3 Nc6 7. Bb2 Nd7 8. c4
a6 9. Nc3 Rb8 10. Rc1 e5 11. d5 Ne7 12. e4 Bh6 13. Rc2 f5 14. exf5 gxf5 15. Bc1
Bg7 16. b4 h6 17. Nh4 Qe8 18. f4 Ng6 19. Nxg6 Qxg6 20. Re1 h5 21. c5 e4 {[#]}
22. Nxe4 $5 ({Of course, White doesn't have to go all in here; he could just
continue developing with} 22. Be3 {when an immediate Black Kingside attack with
} h4 {backfires against} 23. g4 $1 {when White's Rooks and minors are better
placed for the newly opening center.}) 22... fxe4 23. Bxe4 Qf6 24. Bb2 Qh6 25.
Bxg7 Kxg7 26. cxd6 cxd6 (26... Qxd6) 27. Rc7 $36 Kg8 28. Qd3 $2 Qf6 $6 (28...
Nf6 $142 29. Bg6 Bh3 $8 $17) 29. Bf3 Qf5 $2 30. Be4 $2 $11 {and Black might
prudently go for the repetition.} (30. Qxf5 $142 {see below}) 30... Qf6 $8 31.
Bf3 Qf5 $6 {[%mdl 32832] Diagram [#] Critical Position White enterprisingly
sac'ed a N for PP and initiative, and is still ahead in development. Now what?}
(31... Qh6 $142) 32. Qe3 $2 {White has three decent choices.} (32. Qd4 $142 {
leads to an extremely long string of "only moves" from both sides:} Nf6 33.
Ree7 Qb1+ 34. Kg2 Qxa2+ 35. Be2 $5 Bf5 {preventing Rg7+ and Rh7+ mating and
threatening to swap Rs with ...Rbe8.} 36. Kg1 $1 Qb1+ 37. Bf1 Bg6 38. Re6 Qf5
39. Qc3 $13) (32. Qxf5 $142 Rxf5 33. Re6 $16 {White will get at least a third
pawn for the piece, and I don't see how Black will develop his Queenside.
Certainly not like this:} Rf6 ({or this} 33... Nf8 $4 34. Re8 $18) 34. Rxd7 $18
) (32. Qc3 $142 $5 $16 {sets a wicked trap:} Nf6 $140 $2 (32... Ne5 $4 33. Be4
$18) (32... Qf6 $1 33. Qe3 $1 {is an improvment over the game (where Black's Q
was on f5): White is threatening Bxh5, and because Black's Q is on f6 the Nd7
has no squares and so Black is still several moves from developing the
queenside.}) 33. Be4 $3 $18 Qg4 (33... Nxe4 $4 34. Qg7#) 34. h3 $8 {transposes}
Qxh3 35. Bh7+ Kh8 36. Qxf6+ Rxf6 37. Re8+ Rf8 38. Rxf8#) 32... Nf6 $8 33. Qe7
Bd7 $1 34. Be4 (34. Qxd6 Rbe8 $19 {White got a third pawn, but now Black is
fully developed and White's K is in more danger.}) 34... Qg4 35. Qxd6 Rbe8 $1
$19 {[#] And here comes the counterattack.} 36. Rc4 Bb5 37. Rd4 Nxe4 38. Rdxe4
Rxe4 39. Rxe4 Qd1+ 40. Kf2 Qf1+ 41. Ke3 Qd3+ 42. Kf2 Qxe4 43. Qe6+ Qxe6 44.
dxe6 Bc4 0-1

[Event "Eastern Ontario Open"]
[Site "Ontario"]
[Date "2013.06.22"]
[Round "3"]
[White "Hamilton, Robert"]
[Black "Yuan, Yuanling"]
[Result "1-0"]
[WhiteElo "2355"]
[BlackElo "2336"]
[Annotator "John Upper"]
[PlyCount "47"]
[EventDate "2013.06.??"]
[EventType "swiss"]
[EventRounds "5"]
[EventCountry "CAN"]
[SourceTitle "Chess Canada Tactiosauru"]
[Source "CFC/John Upper"]
[SourceDate "2023.03.11"]
[SourceVersion "1"]
[SourceVersionDate "2023.03.11"]
[SourceQuality "1"]

1. d4 Nf6 2. c4 g6 3. Nc3 Bg7 4. e4 d6 5. f3 O-O 6. Be3 Nc6 7. Nge2 a6 8. Qd2
Rb8 9. Nd5 b5 10. Nxf6+ Bxf6 11. Rc1 bxc4 12. Rxc4 Bd7 13. h4 Na7 14. h5 c5 15.
hxg6 fxg6 16. dxc5 Rxb2 17. Rc2 Rxc2 18. Qxc2 Qa5+ 19. Kf2 $14 {[%mdl 32832]
Diagram [#]Critical Position} dxc5 $4 (19... e6 $142) (19... Nc6 $142) 20. Nf4
$6 $16 {An interesting oversight: both players are focused on the centre and
kingside attacks, and they miss the non-thematic win of a piece on the
queenside:} (20. Qb3+ $142 Kh8 21. Qb7 $18 {wins the N or B.}) 20... Qc3 $2 (
20... Bd4 $142 21. Bxd4 cxd4 22. Qc4+ ({Now} 22. Qb3+ {to b7 leaves the Nf4
hanging.}) 22... Rf7 (22... e6 23. Nxe6 $18) 23. Rxh7 $8 $16) 21. Qxc3 Bxc3 22.
Bc4+ $1 $18 Kg7 (22... Kh8 23. Nxg6+ $18) 23. Ne2 $8 {White threatens Nxc3 and
Bh6+.} Bd4 (23... Bb4 24. Bh6+ $18) 24. Nxd4 {Recapturing loses the N or the R.
} 1-0